000 00860nam a2200253 i 4500
001 186937
003 ES-MaACL
005 20230906222757.0
008 170303s1971 sp ao |||| | spa d
080 _a330.15:556(100)
080 _a338.465(100):628.1
100 1 _aRondière, Pierre.
_999511
245 1 3 _aLa muerte del agua /
_cPierre Rondière ; [traducción de Mario Lleget].
260 _aBarcelona :
_bNoguer,
_c[1971]
300 _a128 p. :
_bil. col. y n., fot. ;
_c26 cm.
490 1 _aInternational library. Biblioteca de divulgación ;
_v13
500 _aÍndice.
650 4 _aAgua-
_xContaminación.
_99694
650 4 _aAgua-
_xAbastecimiento.
_99692
700 1 _aLleget, Marius.
_972750
830 0 _aInternational library. Biblioteca de divulgación ;
_v13
_9192697
852 1 _aBA
_jL-31180
_z- enc. cart.
999 _c186937
_d186937